Černý podzim v ERM

Problematika kurzového mechanizmu Európskeho menového systému (Exchange Rate Mechanism - ERM). Vývoj ERM v r. 1992. Slabé a silnejšie meny v ERM. Meny mimo ERM. Situácia v zjednotenom Nemecku. Oficiálne intervencie na devízových trhoch. Problematičnosť intervencií centrálnych bánk. Intervencia Bank...

Descrizione completa

Salvato in:
Dettagli Bibliografici
Autore principale: Frait, Jan
Natura: Capitolo di libro
Lingua:ceco
Soggetti:
Tags: Aggiungi Tag
Nessun Tag, puoi essere il primo ad aggiungerne!!

MARC

LEADER 00000naa a2200000 4500
001 r017431
005 20221205075816.8
041 0 |a cze 
044 |a CZ 
245 1 0 |a Černý podzim v ERM  |c Jan Frait 
520 |a Problematika kurzového mechanizmu Európskeho menového systému (Exchange Rate Mechanism - ERM). Vývoj ERM v r. 1992. Slabé a silnejšie meny v ERM. Meny mimo ERM. Situácia v zjednotenom Nemecku. Oficiálne intervencie na devízových trhoch. Problematičnosť intervencií centrálnych bánk. Intervencia Bank of England a jej straty. 
610 2 0 |a únie menové 
610 2 0 |a Európsky menový systém 
610 2 0 |a kurz devízový 
610 2 0 |a vývoj 
610 2 0 |a 1992 
610 2 0 |a 1993 
610 2 0 |a mena 
610 2 0 |a trh devízový 
610 2 0 |a banky emisné 
610 2 0 |a Európa 
610 2 0 |a ERM 
100 1 |a Frait, Jan